Responses for Show #5787 - Tuesday, November 10, 2009

2009 Teen Tournament semifinal game 2.

Contestants

[<< previous game]

Solomon Howard, a freshman from St. Petersburg, Florida

Will Dantzler, a senior from Mount Pleasant, South Carolina

Gabriel Johnson, a senior from Teaneck, New Jersey

[next game >>]

Jeopardy! Round responses

TOURING USA
THE CW
WEBSITES
BOOKS & AUTHORS
WHATEVER
"TEXT" ME
    $200 30
Florida

Gabriel
    $200 20
90210

Gabriel
    $200 17
YouTube

Will
    $200 6
Artemis

Gabriel
    $200 26
St. Valentine

Will
    $200 13
hypertext

Gabriel
    $400 3
Virginia

Will
    $400 21
Smallville

Will
    $400 10
Twitter

Gabriel
    $400 8
Wicked

Will
    $400 27
(J.D.) Salinger

Will
    $400 14
subtext

Gabriel
    $600 2
New Jersey

Gabriel
    $600 22
America's Next Top Model

Will
    $600 7
Facebook

Solomon
    $600 9
Compass

Gabriel
    $600 28
(Ernst) Mach

Gabriel
    $600 12
context

Solomon
    $800 1
(Solomon: What is San Francisco?)

Maine

GabrielSolomon
    $800 23
(Alex: You're on the plus side again.)

Gossip Girl

Gabriel
    $800 5
Google

Will
    $800 18
(Gabriel: Who is Montag?)

Lauren Conrad

Gabriel
Triple Stumper
    $800 29
(Solomon: Who is Lafayette?)
(Gabriel: Um, what is Wilmington?)

Fayetteville

GabrielSolomon
Triple Stumper
    $5,200 15
(Alex: You were fishing around for it, I felt, earlier on, and now you've found it. And you can do yourself a world of good. You have $5,200.)
(Gabriel: Um, I'd like to make this a True Daily Double.)
(Alex: Whoa! Hello.)
...
(Gabriel: Um... what... is... um...)
(Alex: It's not coming, is it?)
(Gabriel: No.)
(Alex: No.)

a pretext

Gabriel
    $1000 4
New Mexico

Gabriel
    $1000 24
One Tree Hill

Gabriel
    $1000 11
Digg

Gabriel
    $1000 19
Benedict

Triple Stumper
    $1000 25
(Alex: [Before the clue] I want to point out that no animals were harmed in filming this clue.)
...
(Solomon: What is energy?)

momentum

WillSolomon
    $1000 16
Textbooks

Solomon

Scores at the first commercial break (after clue 15):

Gabriel Will Solomon
$0 $1,600 $400

Scores at the end of the Jeopardy! Round:

Gabriel Will Solomon
$1,200 $4,400 -$400

Double Jeopardy! Round responses

SHIPS
BALL GAMES
MUSIC
TREES!
OH, WHAT A KNIGHT
WORD ORIGINS
    $400 17
the Mayflower

Will
    $400 5
baseball

Gabriel
    $400 11
(Will: What is quietly?)

loudly

GabrielWill
    $400 20
the maple

Gabriel
    $400 13
Lancelot

Will
    $400 1
ruby

Solomon
    $800 16
the Bounty

Solomon
    $800 7
soccer

Will
    $800 27
his hand

Will
    $800 22
the willow

Will
    $800 14
Constantinople

Gabriel
    $800 2
rabbi

Will
    $1200 18
the Constitution

Solomon
    $1200 6
tennis

Will
    $1200 28
a fretboard

Will
    $1200 23
the oak

Gabriel
    $1,400 15
(Gabriel: What is the code of honor?)

the code of chivalry (or the chivalric code)

Gabriel
    $1200 3
souvenir

Gabriel
    $2,000 19
the Arizona

Solomon
    $1600 4
golf

Will
    $1600 29
a mezzo-soprano

Gabriel
    $1600 24
(Solomon: What are--uh, what is the birch?)

the beech

GabrielSolomon
    $1600 12
Prussia

Will
    $1600 9
cannon

Gabriel
    $2000 26
(Solomon: Who is Magellan?)

Sir Francis Drake

WillSolomon
    $2000 8
cricket

Gabriel
    $2000 30
sharpen

Gabriel
    $2000 21
a pine

Will
    $2000 25
knights-errant

Gabriel
    $2000 10
maudlin

Solomon

Scores at the end of the Double Jeopardy! Round:

Gabriel Will Solomon
$15,000 $17,600 $2,400

[wagering suggestions for these scores]

Final Jeopardy! Round responses

ARCHITECTURE
SolomonWhat is the Eiffel Tower?
$600
GabrielWhat is the Eiffel Tower
$15,000
WillWhat is the Eiffel Tower?
$12,401
the Eiffel Tower

Final scores:

Gabriel Will Solomon
$30,000 $30,001 $3,000
2nd place: $10,000 Finalist 3rd place: $10,000

Game dynamics:

Coryat scores:

Gabriel Will Solomon
$21,600 $17,600 $2,000
26 R,
4 W
(including 2 DDs)
21 R,
1 W
8 R
(including 1 DD),
5 W

Combined Coryat: $41,200

[game clues] [game scores] [suggest correction]

Game tape date: 2009-08-18
The J! Archive is created by fans, for fans. Scraping, republication, monetization, and malicious use prohibited; this site may use cookies and collect identifying information. See terms. The Jeopardy! game show and all elements thereof, including but not limited to copyright and trademark thereto, are the property of Jeopardy Productions, Inc. and are protected under law. This website is not affiliated with, sponsored by, or operated by Jeopardy Productions, Inc. Join the discussion at JBoard.tv.